000 01188nac a22002897a 4500
001 BR8100968
003 BR-BrBNA
005 20240105114925.0
008 230509b bl.|||m| |||| 00| 0 por d
040 _aBR-BrBNA
_bpor
_cBiblioteca Nacional de Agricultura
072 _aN10; N20
090 _a4520 BR8100968
100 1 _aLal, H.
100 1 _aNunes, P.F.
110 1 _aCentro de Pesquisa Agropecuaria do Tropico Semi-Arido, Petrolina, PE (Brasil)
245 1 _aComo construir o multicultor CPATSA numa oficina local [Centro de Pesquisa Agropecuaria do Tropico Semi Arido; Equipamento rural; Pernambuco; Brasil]
246 1 _a[How to build multicultivator CPATSA in a local work-shop [Agricultural Research Center of the Semi-Arid Tropic; Farm equipment; Pernambuco; Brazil]]
260 3 _aPetrolina, PE (Brasil):
_c1980.
300 _a22 p.
490 _aComunicado Tecnico - Centro de Pesquisa Agropecuaria do Tropico Semi-Arido (Brazil)
_vno. 3
_xISSN 0100-6061
500 _a12 illus.
650 _aEngenharia agricola
650 _aEquipamento rural
650 _aMecanizacao agricola
909 _a202312
_bLúcia Elande
_c55
_dLúcia Elande
942 _2AGRIS
_n0
_cMS
999 _c272072
_d272072